| 000 -CABECERA |
| Longitud fija campo de control |
00621nas a2200193 a 4500 |
| 001 - NÚMERO DE CONTROL |
| Número de control |
5577 |
| 003 - IDENTIFICADOR DEL NÚMERO DE CONTROL |
| Identificador del número de control |
CDMR |
| 005 - FECHA Y HORA DE LA ÚLTIMA TRANSACCIÓN |
| Fecha y hora de la última transacción |
20181023104409.0 |
| 008 - CÓDIGOS DE INFORMACIÓN DE LONGITUD FIJA |
| Códigos de información de longitud fija |
130130u19982007sp ||||||||||||||||||||d |
| 040 ## - FUENTE DE LA CATALOGACIÓN |
| Centro catalogador de origen |
CDMR |
| Lengua de catalogación |
cat |
| Centro transcriptor |
CDMR |
| 245 00 - MENCIÓN DE TÍTULO |
| Título |
Kazetariak |
| Resto del título |
= Periodistas |
| 260 ## - PUBLICACIÓN, DISTRIBUCIÓN, ETC. (PIE DE IMPRENTA) |
| Lugar de publicación, distribución, etc. |
Bilbao |
| Nombre del editor, distribuidor, etc. |
Bizkaiko Kazetarien Elkartea. Asociación de Periodistas de Bizkaia |
| Fecha de publicación, distribución, etc. |
1998-2007 |
| 300 ## - DESCRIPCIÓN FÍSICA |
| Extensión |
v. |
| 362 ## - FECHAS DE PUBLICACIÓN Y/O DESIGNACIÓN SECUENCIAL |
| Fecha de publicación y/o designación secuencial |
Núm. 1 (gen. 1998) - núm. 23 (set. 2007) |
| 650 04 - PUNTO DE ACCESO ADICIONAL DE MATERIA - TÉRMINO DE MATERIA |
| 9 (RLIN) |
4589 |
| Término de materia o nombre geográfico como elemento inicial |
Periodisme |
| Subdivisión geográfica |
Biscaia (País Basc) |
| Subdivisión de forma |
Revistes |
| 650 04 - PUNTO DE ACCESO ADICIONAL DE MATERIA - TÉRMINO DE MATERIA |
| 9 (RLIN) |
4580 |
| Término de materia o nombre geográfico como elemento inicial |
Butlletins d'informació |
| 710 2# - PUNTO DE ACCESO ADICIONAL - NOMBRE DE ENTIDAD |
| 9 (RLIN) |
4351 |
| Nombre de entidad o nombre de jurisdicción como elemento inicial |
Asociación de Periodistas de Bizkaia |
| 856 ## - LOCALIZACIÓN Y ACCESO ELECTRÓNICO |
| Identificador Uniforme del Recurso (URI) |
<a href="http://kazetariak.eus/publicaciones_kazetariak_lista.php">http://kazetariak.eus/publicaciones_kazetariak_lista.php</a> |
| Texto del enlace |
Disponible al Portal Web |
| 942 ## - ENTRADA DE ELEMENTOS AGREGADOS (KOHA) |
| Koha [por defecto] tipo de item |
Publicacions periòdiques |
| Fuente de clasificaión o esquema |
|